000 00271nam a22001217a 4500
041 _aENG
100 _aRirzema. H.P
245 _aDrainage principles And Applications
260 _aNew York
_bIlri
_c2006
300 _a1125
650 _aIDE
856 _uNot to be Issued
999 _c2543
_d2543